|
|
|
|
| LEADER |
00000cam a2200000 7i4500 |
| 001 |
0000000435 |
| 005 |
20011204.0 |
| 090 |
0 |
0 |
|a R634.95609595
|b EDW 1930
|
| 100 |
1 |
0 |
|a EDWARD
|h J. P.
|
| 245 |
1 |
0 |
|a Growth of Malayan forest trees as shown by sample plot records, 1915-1928
|c by J.P. Edwards
|f with an introduction by J.P. Mead
|
| 260 |
0 |
0 |
|a Kuala Lumpur :
|b Forestry Dept. ,
|c 1930
|
| 300 |
|
|
|a 151 p. :
|b ill. ;
|c 26 cm.
|
| 440 |
0 |
0 |
|a Malayan forest records
|v no.9
|
| 500 |
0 |
0 |
|a Includes index
|
| 650 |
0 |
0 |
|a Forests and forestry
|z Malaysia
|
| 700 |
0 |
1 |
|a Mead
|h J. P.
|
| 998 |
|
|
|a JPSM
|
| 999 |
|
|
|a 0000001551
|b Monograph
|c Reference
|e Default branch
|
| 999 |
|
|
|a 0000002639
|b Monograph
|c Open Shelf
|e Default branch
|
| 999 |
|
|
|a 0000004556
|b Monograph
|c Open Shelf
|e Default branch
|
| 999 |
|
|
|a 0000004557
|b Monograph
|c Open Shelf
|e Default branch
|